000 00325nam a22001577a 4500
003 OSt
020 _aNA
040 _c0
082 _222
_a621.38119
100 _aKissell, Thomas K.
245 _aIndustrial electronics /
250 _a3rd ed.
260 _bPrentice Hall,
_cc2004.
300 _a0
_bill. ;
942 _2ddc
_cEE
999 _c4385
_d4385